| 000 | 00500nam a2200181 a 4500 | ||
|---|---|---|---|
| 003 | BD-RjUL | ||
| 005 | 20250814095306.0 | ||
| 008 | 250814s1956 pk ||||| |||| 00| 0 urd d | ||
| 035 | _a(BD-RjUL) | ||
| 040 |
_aBD-RjUL _beng _cBD-RjUL |
||
| 041 | _aurd | ||
| 082 |
_223 _a891.43914 _bZAR 1956 |
||
| 245 | _aروشنائى / Raushnāʼī / | ||
| 650 |
_aIntellectual life Literature Societies, _916612 |
||
| 650 | _aIntellectual life | ||
| 650 |
_aLiterature Societies, etc _916613 |
||
| 942 |
_2ddc _cBK |
||
| 999 |
_c85541 _d85541 |
||